Cómo enfrentar los desafíos de la globalización /

Salvato in:
Dettagli Bibliografici
Autore principale: Aninat, Eduardo
Natura: testo
Soggetti:
Tags: Aggiungi Tag
Nessun Tag, puoi essere il primo ad aggiungerne!!

MARC

LEADER 00000 a a2200000 04500
001 8062
003
040
100 |a Aninat, Eduardo  
245 |a Cómo enfrentar los desafíos de la globalización /  |c Eduardo Aninat 
650 |a GLOBALIZACION  
650 |a ASPECTOS ECONOMICOS  
650 |a FONDO MONETARIO INTERNACIONAL  
773 |g volumen 39, número 1; páginas 4-9  
999 |c 30102  |d 30102